تخطي إلى المحتوى

Рабочая тетрадь по курсу «Разведение с.-х. животных»

Рабочая тетрадь написана в соответствии с программой курса «Разведение животных» и предназначена для студентов ф-та биотехнологий и природопользования по специальности 36.03.02 Зоотехния. В ней изложены задания для занятий данного курса....

وصف كامل

محفوظ في:
التفاصيل البيبلوغرافية
المؤلف الرئيسي: Буканов А. Л.
التنسيق: Книга
اللغة:Russian
منشور في: Оренбург Оренбургский ГАУ 2019
الوصول للمادة أونلاين:https://e.lanbook.com/book/134521
https://e.lanbook.com/img/cover/book/134521.jpg
الوسوم: إضافة وسم
لا توجد وسوم, كن أول من يضع وسما على هذه التسجيلة!
LEADER 01393nam0a2200241 i 4500
001 134521
003 RuSpLAN
005 20221220174043.0
008 221220s2019 ru gs 000 0 rus
040 |a RuSpLAN 
041 0 |a rus 
044 |a ru 
080 |a 636.03 
245 0 0 |a Рабочая тетрадь по курсу «Разведение с.-х. животных»  |c Буканов А. Л. 
260 |a Оренбург  |b Оренбургский ГАУ  |c 2019 
300 |a 174 с. 
504 |a Библиогр.: доступна в карточке книги, на сайте ЭБС Лань 
520 8 |a Рабочая тетрадь написана в соответствии с программой курса «Разведение животных» и предназначена для студентов ф-та биотехнологий и природопользования по специальности 36.03.02 Зоотехния. В ней изложены задания для занятий данного курса. 
521 8 |a Книга из коллекции Оренбургский ГАУ - Ветеринария и сельское хозяйство 
100 1 |a Буканов А. Л. 
856 4 |u https://e.lanbook.com/book/134521 
856 4 8 |u https://e.lanbook.com/img/cover/book/134521.jpg 
953 |a https://e.lanbook.com/img/cover/book/134521.jpg